000 00435nam a2200157Ia 4500
008 241217s9999||||xx |||||||||||||| ||und||
020 _a9679143597
_c10.95
040 _beng
_cSSK Library
_erda
082 _a005.133/CHU
100 _a Chua Chooi See
245 0 _aWordstar 5: A Step-By-Step Guide
260 _b Federal Publications
_c©1989
942 _2Dewey Decimal Classification
_cBOOK
_nNo
999 _c24661
_d24661
003 OSt
005 20241217112933.0